| 000 | 02429cab a2200301 ab4500 | ||
|---|---|---|---|
| 005 | 20241113100801.0 | ||
| 008 | 991125c2018 sp tr p o 000 0 spa d | ||
| 035 | _aUPN01000228864 | ||
| 040 |
_aMX-MxUPN _bspa _cMX-MxUPN _eaacr2 |
||
| 049 | _aART-E | ||
| 100 | 1 |
_aDíaz Moreno, Naira _6- nairadia@ual.es |
|
| 100 | 1 | _aCrujeiras Pérez, Beatriz | |
| 100 | 1 | _aMartín Gamez, Carolina | |
| 100 | 1 | _aFernández Oliveras, Alicia | |
| 245 | 1 | 0 | _aOperaciones y destrezas implicadas en la toma de decisiones sobre una problemática energética, identificadas por maestros en formación inicial |
| 506 | 0 | _aAcceso abierto | |
| 520 | 3 | _aCon este trabajo se pretende dar a conocer las concepciones preliminares de maestros en formación inicial acerca de las operaciones y destrezas necesarias para tomar decisiones sobre una problemática sociocientífica relacionada con la energía eléctrica. Los participantes son 72 estudiantes universitarios de Educación Primaria matriculados en una asignatura semestral de Didáctica de las Ciencias Experimentales. Los resultados revelan las dificultades de los maestros en formación para identificar destrezas requeridas en la toma de decisiones, tales como las comunicativas (e. j. puesta en común de resultados) o las de investigación (e. j. formulación de cuestiones que permitan obtener la información deseada). Por otro lado, en el proceso de toma de decisiones, son escasos los participantes que establecen alguna operación relacionada con la evaluación de las decisiones tomadas. Además, los participantes conciben el proceso para resolver el problema sociocientífico como cerrado, no sujeto a revisión. De los resultados se extrae la necesidad de abordar estas cuestiones en conjunto con la Naturaleza de la Ciencia, con el propósito de mejorar las concepciones y desempeños de los participantes en los procesos de toma de decisiones. Eureka | |
| 653 | 0 | _aControversias socio-científicas | |
| 653 | 0 | _aToma de decisiones | |
| 653 | 0 | _aNaturaleza de la ciencia | |
| 653 | 0 | _aFormación docente | |
| 773 |
_gVol. 15, no. 2 (2018), p. 1-14 _tRevista Eureka sobre enseñanza y divulgación de las ciencias _x1697-011X |
||
| 856 | 4 | _uhttps://revistas.uca.es/index.php/eureka/article/view/3562 | |
| 856 | 4 | _uhttp://dx.doi.org/10.25267/Rev_Eureka_ensen_divulg_cienc.2018.v15.i2.2601 | |
| 902 | _aLeonor Sotres/131124 | ||
| 905 | _aArticulo | ||
| 942 | _cART-E | ||
| 999 |
_c200959 _d200959 |
||